| 000 | 00635cab a2200241 4500 | ||
|---|---|---|---|
| 001 | X350 | ||
| 008 | 090401t1993 xxu||||| |||| 00| 0 eng d | ||
| 035 | _a(Sirsi) u65226 | ||
| 041 | _aeng | ||
| 245 | 4 | _aThe Harrogate breakfast briefing | |
| 260 | _c1993 | ||
| 350 | _a0 | ||
| 490 |
_aCSM (Chartered Surveyor Monthly) _v2(4) January 1993, 4(1) |
||
| 650 | _aANNUAL CONFERENCE | ||
| 650 | _aCBI | ||
| 650 | _aCENTRE FOR ECONOMIC AND BUSINESS RESEARCH | ||
| 650 | _aCHRISTOPHER JONAS | ||
| 650 | _aPRESIDENT | ||
| 650 | _aSHAPING THE NATION | ||
| 690 | _aPROPERTY-COMMERCIAL PROPERTY | ||
| 942 | _n0 | ||
| 948 | _c04/03/1997 | ||
| 999 |
_c40671 _d40671 |
||